<?xml version="1.0" encoding="UTF-8"?>
<collection xmlns="http://www.loc.gov/MARC21/slim">
 <record>
  <leader>00553pamaa2200157   4500</leader>
  <controlfield tag="001">0000025220</controlfield>
  <controlfield tag="005">20070402090000.0</controlfield>
  <datafield tag="020" ind1="0" ind2="0">
   <subfield code="a">9839949314 </subfield>
  </datafield>
  <datafield tag="090" ind1="0" ind2="0">
   <subfield code="a">DS597.215.S57 </subfield>
   <subfield code="b">SIT 2000</subfield>
  </datafield>
  <datafield tag="245" ind1="1" ind2="0">
   <subfield code="a">Siti Hasmah : </subfield>
   <subfield code="b">lady of two eras  </subfield>
   <subfield code="c">Azizah Mokhzani...[et al.].</subfield>
  </datafield>
  <datafield tag="260" ind1="0" ind2="0">
   <subfield code="a">Kuala Lumpur: </subfield>
   <subfield code="b">Persatuan Siswazah Wanita Malaysia, </subfield>
   <subfield code="c">2000.</subfield>
  </datafield>
  <datafield tag="300" ind1=" " ind2=" ">
   <subfield code="a">196p.: </subfield>
   <subfield code="b">ill.col.; </subfield>
   <subfield code="c">26cm.</subfield>
  </datafield>
  <datafield tag="650" ind1="0" ind2="0">
   <subfield code="a">Siti Hasmah Mohd. Ali. 1926- </subfield>
  </datafield>
  <datafield tag="650" ind1="0" ind2="0">
   <subfield code="a">Prime Ministers' spouses -- </subfield>
   <subfield code="x">Biography -- </subfield>
   <subfield code="z">Malaysia </subfield>
  </datafield>
  <datafield tag="650" ind1="0" ind2="0">
   <subfield code="a">Physicians -- </subfield>
   <subfield code="x">Biography -- </subfield>
   <subfield code="z">Malaysia </subfield>
  </datafield>
  <datafield tag="700" ind1="1" ind2="1">
   <subfield code="a">AZIZAH MOKHZANI </subfield>
  </datafield>
 </record>
</collection>
